Statistiques concernant Cathédrales d'Europe par image n°3

Cliquez ici pour prendre le quiz!

Statistiques générales

  • Ce quiz a été pris 80 fois
  • Le résultat moyen est 5 sur 15

Statistiques - réponses

Réponse% Correct
Sainte Marie de la Fleur de Florence
87%
Saint-Pierre de Cologne
81%
Saint-Sauveur de Saint-Pétersbourg
66%
Saint-Marc de Venise
56%
Saint-Guy de Prague
39%
Notre-Dame d'Anvers
34%
Cathédrale de l'Almudena de Madrid
23%
Nouvelle cathédrale de Salamanque
23%
Sainte-Marie de Palma de Majorque
23%
Bienheureuse-Vierge-Marie de Salisbury
21%
Saint-Laurent de Gênes
18%
Saint-Philippe de Birmingham
15%
Saint-Sauveur de Fulda
15%
Saint-Rupert de Salzbourg
13%
Cathédrale d'Uppsala
8%

Distribution des résultats

Percentile par nombre de réponses

% des personnes avec chaque résultat

Votre développement - résultats

Vous n’avez pas pris ce quiz